[Event "Bundesliga 2009-10"]
[Site "Muelheim GER"]
[Date "2010.02.27"]
[Round "10"]
[White "Casper,T"]
[Black "Seel,C"]
[Result "1-0"]
[WhiteElo "2395"]
[BlackElo "2493"]

1.e4 d6 2.d4 Nf6 3.Nc3 e5 4.dxe5 dxe5 5.Qxd8+ Kxd8 6.Bc4 Be6 7.Bxe6 fxe6
8.f3 Bd6 9.Nh3 a6 10.Nf2 Ke7 11.Be3 Nbd7 12.Ke2 Nh5 13.g3 Rhf8 14.Nb1 b5
15.Rd1 Rab8 16.b3 c5 17.a4 Ra8 18.axb5 axb5 19.Nc3 Rxa1 20.Rxa1 Rb8 21.Ra5 c4
22.Rxb5 cxb3 23.Rxb8 Nxb8 24.cxb3 Nc6 25.Nb5 Na5 26.Nxd6 Kxd6 27.b4 Nc4 28.Kd3 Nxe3
29.Kxe3 Kc6 30.Ng4 Kb5 31.Nxe5 Kxb4 32.Nd7 Kb5 33.g4 Kc6 34.Nb8+ Kb7 35.gxh5 Kxb8
36.Kd4 Kc7 37.Ke5 Kd7 38.h6 gxh6 39.Kf6  1-0

[Event "Bundesliga 2009-10"]
[Site "Muelheim GER"]
[Date "2010.02.27"]
[Round "10"]
[White "Mueller,Matt1"]
[Black "Glek,I"]
[Result "0-1"]
[WhiteElo "2410"]
[BlackElo "2537"]

1.e4 d6 2.d4 Nf6 3.Nc3 e5 4.Nf3 Nbd7 5.Bc4 Be7 6.O-O O-O 7.a4 c6 8.Re1 a5
9.h3 exd4 10.Nxd4 Nc5 11.Bf4 Ne8 12.Qd2 Be6 13.Nxe6 fxe6 14.Rad1 Kh8 15.Be3 d5
16.Qe2 Nf6 17.exd5 exd5 18.Bd4 Bd6 19.Bd3 Qc7 20.Bf5 Rae8 21.Qf3 Qf7 22.Re3 Rxe3
23.Qxe3 Re8 24.Qf3 Ne6 25.Bxf6 Qxf6 26.Re1 g6 27.Rxe6 Rxe6 28.Bxe6 Qxe6 29.g3 Kg7
30.Kg2 Be5 31.b3 Qf6 32.Ne2 Qxf3+ 33.Kxf3 Kf6 34.Ke3 Ke6 35.f4 Bf6 36.g4 Kd6
37.Ng3 Kc5 38.Kd3 Kb4 39.Nf1 b5 40.axb5 cxb5 41.Ne3 Kc5 42.c3 Bxc3  0-1

[Event "48th XtraCon TCh-DEN 2009-10"]
[Site "Denmark DEN"]
[Date "2010.03.01"]
[Round "4"]
[White "Palm,N"]
[Black "Nielsen,SorenH"]
[Result "1-0"]
[WhiteElo "2276"]
[BlackElo "2214"]

1.d4 d6 2.e4 Nf6 3.Nc3 e5 4.Nge2 Be7 5.f3 exd4 6.Nxd4 d5 7.e5 Ng8 8.Bf4 a6
9.Qd2 Bb4 10.a3 Bxc3 11.Qxc3 Ne7 12.Bd3 O-O 13.O-O Be6 14.Bg5 h6 15.Bh4 Nd7
16.f4 c5 17.Nf5 Bxf5 18.Bxf5 d4 19.Qf3 b5 20.Rae1 Nb6 21.Be4 Ra7 22.f5 Nc4
23.f6 Ng6 24.Bxg6  1-0

[Event "48th XtraCon TCh-DEN 2009-10"]
[Site "Denmark DEN"]
[Date "2010.03.01"]
[Round "5"]
[White "Bromann,T"]
[Black "Aabling Thomsen,J"]
[Result "1-0"]
[WhiteElo "2434"]
[BlackElo "2312"]

1.e4 d6 2.d4 Nf6 3.Nc3 e5 4.Nge2 Be7 5.g3 O-O 6.Bg2 Nbd7 7.O-O Re8 8.h3 Bf8
9.Re1 g6 10.dxe5 Nxe5 11.f4 Nc6 12.g4 Bg7 13.Ng3 Nd7 14.Nd5 Nb6 15.Ne3 Bd7
16.c3 a5 17.Qd3 Na4 18.Kh2 Rb8 19.Bd2 b5 20.Qc2 Nc5 21.Rad1 b4 22.Nd5 Be6
23.Be3 b3 24.axb3 Nxb3 25.e5 Bd7 26.exd6 cxd6 27.Qf2 a4 28.g5 Qa5 29.Ne4 Rxe4
30.Bxe4 Be6 31.Nf6+ Bxf6 32.gxf6 d5 33.f5 dxe4 34.fxe6 Qe5+ 35.Bf4 Qxf6 36.exf7+ Qxf7
37.Rxe4 Rf8 38.Qb6 Nca5 39.Bg3 Nc4 40.Qb5 Nbd2 41.Rf4 Qe6 42.Rxf8+ Kxf8 43.Qb8+ Kg7
44.Qc7+ Kh6 45.Rxd2 Nxd2 46.Qf4+ Kh5 47.Qh4+  1-0

[Event "Zagreb Open GpA"]
[Site "Zagreb CRO"]
[Date "2010.03.02"]
[Round "7"]
[White "Runic,Z"]
[Black "Jurkovic,A"]
[Result "1-0"]
[WhiteElo "2427"]
[BlackElo "2330"]

1.d4 d6 2.e4 Nf6 3.Nc3 e5 4.Nf3 Nbd7 5.Bc4 h6 6.dxe5 dxe5 7.Nh4 c6 8.a4 a5
9.O-O Qc7 10.Kh1 Nc5 11.f4 Be6 12.Qe2 Bxc4 13.Qxc4 Ne6 14.f5 Nc5 15.Be3 b6
16.h3 Be7 17.Nf3 Rc8 18.g4 Ncd7 19.Rad1 Bc5 20.Bc1 Rb8 21.Rd3 Qb7 22.Qb3 Bb4
23.Be3 Bc5 24.g5 Bxe3 25.gxf6 Nc5 26.fxg7 Rg8 27.Qc4 Nxd3 28.cxd3 Rxg7 29.Nxe5 Rc8
30.Ng4 Bg5 31.e5 b5 32.Qc5 Be7 33.Qe3 Bg5 34.Qf3 Kd8 35.axb5 Qd7 36.bxc6 Qxc6
37.Ne4 Qd5 38.Nxg5  1-0

[Event "Congress"]
[Site "Blackpool ENG"]
[Date "2010.03.04"]
[Round "4"]
[White "Cannon,Ri"]
[Black "Chapman,T"]
[Result "0-1"]
[WhiteElo "2098"]
[BlackElo "2232"]

1.e4 d6 2.d4 Nf6 3.Nc3 c6 4.g3 Nbd7 5.Bg2 e5 6.Nge2 Be7 7.h3 b5 8.a3 O-O
9.Be3 Qc7 10.f4 a5 11.O-O Ba6 12.Na2 exd4 13.Nxd4 Bb7 14.Nf5 Rfe8 15.Re1 Bf8
16.Bf2 g6 17.Nd4 b4 18.Nb3 c5 19.Nd2 Bc6 20.Re3 Rad8 21.Qe2 Bg7 22.c3 bxa3
23.bxa3 Rb8 24.Rb1 Rxb1+ 25.Nxb1 Qb7 26.Qe1 Nxe4 27.Nd2 d5 28.Bxe4 dxe4 29.Nc4 Qc7
30.Qd1 Bf8 31.Nc1 Rb8 32.Qc2 Bd5 33.Nd2 f5 34.c4 Bf7 35.Ne2 Bg7 36.Rb3 h5
37.Rb5 Rxb5 38.cxb5 c4 39.Nd4 h4 40.Ne2 hxg3 41.Nxg3 c3 42.Nb1 a4 43.Ne2 Bb3
44.Qc1 c2 45.Nd2 Nc5 46.Bxc5 Qxc5+ 47.Kf1 Qxb5 48.Ke1 Qd3 49.h4 e3  0-1

[Event "FSGM March"]
[Site "Budapest HUN"]
[Date "2010.03.06"]
[Round "1"]
[White "Yu Lie"]
[Black "Czebe,A"]
[Result "1/2-1/2"]
[WhiteElo "2407"]
[BlackElo "2479"]

1.e4 d6 2.d4 Nf6 3.Nc3 e5 4.dxe5 dxe5 5.Qxd8+ Kxd8 6.Bg5 Be6 7.Nf3 Nd7 8.O-O-O Kc8
9.Bh4 Bc5 10.Nd5 Nxd5 11.exd5 Bg4 12.Be2 a6 13.a3 Bd6 14.Rhe1 b5 15.Ng5 Bxe2
16.Rxe2 Rf8 17.Bg3  1/2-1/2

[Event "11th EICC Men"]
[Site "Rijeka CRO"]
[Date "2010.03.06"]
[Round "1"]
[White "Guseinov,G"]
[Black "Lorscheid,G"]
[Result "1-0"]
[WhiteElo "2609"]
[BlackElo "2328"]

1.e4 d6 2.d4 Nf6 3.Nc3 e5 4.Nf3 Be7 5.dxe5 dxe5 6.Qxd8+ Bxd8 7.Nxe5 O-O 8.Be3 c6
9.f3 Bc7 10.Nd3 Nbd7 11.O-O-O Re8 12.g3 Nd5 13.Bd4 Bb6 14.Nxd5 cxd5 15.Bxb6 Nxb6
16.exd5 Nxd5 17.Nc5 Ne3 18.Bb5 Nxd1 19.Bxe8 Ne3 20.Re1 Nf5 21.Bc6 Nd6 22.Rd1 bxc6
23.Rxd6 Bh3 24.Nd3 Rc8 25.Ne5 c5 26.Rc6 Re8 27.Rxc5 f6 28.Nd3 Re2 29.b4 Rxh2
30.b5 Rh1+ 31.Kb2 Bg2 32.Rc8+ Kf7 33.Rc7+ Kg8 34.Rxa7 Bxf3 35.b6 Rh5 36.c4  1-0

[Event "11th EICC Women"]
[Site "Rijeka CRO"]
[Date "2010.03.07"]
[Round "2"]
[White "Brunello,M"]
[Black "Khurtsidze,N"]
[Result "1/2-1/2"]
[WhiteElo "2217"]
[BlackElo "2434"]

1.e4 d6 2.d4 Nf6 3.Nc3 Nbd7 4.Nf3 e5 5.Bc4 Be7 6.O-O O-O 7.Re1 c6 8.a4 b6
9.b3 Bb7 10.Bb2 a6 11.Bd3 Re8 12.Ne2 Bf8 13.Ng3 g6 14.Qd2 b5 15.axb5 axb5
16.Rxa8 Bxa8 17.c4 bxc4 18.Bxc4 d5 19.dxe5 dxc4 20.exf6 Nb6 21.Qe3 c5 22.Ne5 Qxf6
23.Ba1 Qe6 24.Nxc4 Nxc4 25.bxc4 f6 26.f3 Bb7 27.Ne2 Ba6 28.Nf4 Bh6 29.Nxe6 Bxe3+
30.Rxe3 Rxe6 31.Bb2 Rd6 32.Ba3 Rd1+ 33.Kf2 Rd2+ 34.Kg1 Rd1+ 35.Kf2 Rd2+  1/2-1/2

[Event "11th EICC Men"]
[Site "Rijeka CRO"]
[Date "2010.03.07"]
[Round "2"]
[White "Dujic,D"]
[Black "Kunze,Ca"]
[Result "0-1"]
[WhiteElo "1598"]
[BlackElo "2306"]

1.e4 d6 2.d4 Nf6 3.Nc3 Nbd7 4.Nf3 e5 5.Bc4 Be7 6.O-O O-O 7.Bb3 c6 8.h3 b5
9.dxe5 dxe5 10.Bg5 Qc7 11.Qe2 Nc5 12.Qe3 Ne6 13.Rad1 Re8 14.Rfe1 h6 15.Bh4 Bc5
16.Qc1 Nh5 17.Ne2 Nef4 18.Bg3 Nxe2+ 19.Rxe2 Nxg3 20.Ree1 Nh5 21.a4 a6 22.c3 Qe7
23.Qc2 Qf6 24.axb5 axb5 25.Ra1 Rxa1 26.Rxa1 Bxh3 27.Ne1 Bc8 28.Nf3 Nf4 29.Qd1 Bg4
30.Bc2 Rd8  0-1

[Event "11th EICC Men"]
[Site "Rijeka CRO"]
[Date "2010.03.07"]
[Round "2"]
[White "Godena,M"]
[Black "Inarkiev,E"]
[Result "0-1"]
[WhiteElo "2561"]
[BlackElo "2667"]

1.e4 d6 2.d4 Nf6 3.Nc3 e5 4.Nf3 Nbd7 5.Bc4 Be7 6.O-O O-O 7.Re1 a6 8.a4 b6
9.Nd5 Bb7 10.dxe5 dxe5 11.Nxf6+ Bxf6 12.b3 Be7 13.Bb2 Bb4 14.Re3 Qe7 15.Nh4 g6
16.Qg4 Kh8 17.Nf3 Bd6 18.Rd1 Rad8 19.h4 Rde8 20.Qg5 Nf6 21.Rde1 Bc8 22.R3e2 Kg7
23.Bc1 Ng4 24.Qxe7 Bxe7 25.Bb2 f6 26.Rd1 Rd8 27.Red2 Rxd2 28.Rxd2 Bb4 29.c3 Bd6
30.Nh2 Nh6 31.Nf1 f5 32.Bd5 Ng4 33.exf5 gxf5 34.b4 Kg6 35.Bc1 Bd7 36.Bb3 e4
37.Rd1 f4 38.f3 exf3 39.gxf3 Ne5 40.Nd2 Bc6 41.Bc2+ Kh5 42.Kf2 Be7 43.Rg1 Bxh4+
44.Kf1 Rf7 45.Rg8 Re7 46.Bf5 Bd5 47.Rg2 Nd3  0-1

[Event "11th EICC Men"]
[Site "Rijeka CRO"]
[Date "2010.03.07"]
[Round "2"]
[White "Caspi,I"]
[Black "Khismatullin,D"]
[Result "0-1"]
[WhiteElo "2426"]
[BlackElo "2657"]

1.e4 d6 2.d4 Nf6 3.Nc3 e5 4.Nf3 Nbd7 5.Bc4 Be7 6.O-O O-O 7.Re1 c6 8.a4 exd4
9.Qxd4 Ne5 10.Be2 Qc7 11.h3 Ng6 12.Be3 b6 13.Rad1 Bb7 14.Qc4 Rac8 15.Qb3 Nd7
16.Nd4 Rfe8 17.Bc4 Nge5 18.Bf1 Bf8 19.Nf5 Nc5 20.Qa2 a5 21.Bxc5 bxc5 22.f4 Nd7
23.Re3 d5 24.exd5 Rxe3 25.d6 Qb6 26.Bc4 Rxc3 27.bxc3 Kh8 28.Rb1 Qa7 29.Bxf7 Nf6
30.Qe6 Rd8 31.Ne7 c4+ 32.Kh1 Ba8 33.Bh5 Qd7 34.Qxd7 Nxd7 35.Bf3 Nc5 36.Bxc6 Ne4
37.Rb5 Nxd6 38.Rxa5 Bb7 39.Bxb7 Nxb7 40.Ra7 Bxe7 41.Rxb7 Bd6 42.g3 Ra8 43.Rd7 Bf8
44.Rc7 Rxa4 45.Kg2 Kg8 46.Kf3 Bd6 47.Rd7 Ba3 48.Rb7 Kf8 49.Ke4 Be7 50.Rc7 Bf6
51.Kd5 Bxc3 52.Rxc4 Ra3 53.Ke6 Ra6+ 54.Kf5 Bf6 55.h4 Ra5+ 56.Ke6 Ra6+ 57.Kf5 Ra3
58.Kg4 Kf7 59.h5 h6 60.Re4 Rc3 61.Re2 Be7 62.Kh3 Ke8 63.Kg4 Kd7 64.Rd2+ Ke6
65.Re2+ Kf6 66.Kh3 Bb4 67.Kg4 Bd6 68.Rd2 Bb8 69.Re2 Bc7 70.Rd2 Re3 71.Rd3 Re2
72.Rc3 Bd8 73.Kf3 Rh2 74.Rc6+ Kf7 75.Kg4 Bf6 76.c4 Ra2 77.Kf3 Ra3+ 78.Kg2 Rc3
79.Kh3 Ke7 80.Kg4 Bd4 81.Rc7+ Kd6 82.Rb7 Bf2 83.c5+ Kc6 84.Rf7 Rxg3+ 85.Kf5 Bxc5
86.Ke4 Kd6 87.Kf5 Bd4  0-1

[Event "11th EICC Women"]
[Site "Rijeka CRO"]
[Date "2010.03.08"]
[Round "3"]
[White "Van Weersel,A"]
[Black "Cherednichenko,S"]
[Result "1/2-1/2"]
[WhiteElo "2197"]
[BlackElo "2337"]

1.e4 d6 2.d4 Nf6 3.Nc3 Nbd7 4.Nf3 e5 5.Bc4 Be7 6.O-O O-O 7.Re1 c6 8.a4 h6
9.h3 a5 10.b3 Qc7 11.Ba3 Re8 12.d5 Rd8 13.Qd2 Nf8 14.Kh2 Ng6 15.Rad1 Nf4
16.Bf1 cxd5 17.exd5 Bf5 18.Nxe5 dxe5 19.Bxe7 Qxe7 20.Qxf4 Bxc2 21.Rd2 Bxb3
22.Rxe5 Qb4 23.Qd4 Rac8 24.Ne4 Nxd5 25.Bb5 Qxd4 26.Rxd4 Nb6 27.Rxd8+ Rxd8
28.Nc5 Bd5 29.Re7 Rc8 30.Nd3 Rc3 31.Re8+ Kh7 32.Nf4 Bc6 33.Re7 Kg8 34.Re5 Nxa4
35.Bxc6 bxc6 36.Rxa5 Nb6 37.Ra7 Rc4 38.Nd3 f6 39.Kg1 Nd5 40.Kf1 Rc2 41.Ke1 Nc3
42.Nf4 c5 43.Nh5 Re2+ 44.Kf1 Rd2 45.f3 Rd1+ 46.Kf2 Rd2+ 47.Kf1 Nd5 48.Rxg7+ Kf8
49.Ke1 Ra2 50.Rd7 Ne3 51.Nxf6 Nxg2+ 52.Kd1 c4 53.Rd2 Ra1+ 54.Ke2 Nf4+ 55.Ke3 Nxh3
56.Kd4 Rc1 57.Ne4 Ng1 58.Rf2 h5 59.Nd2 Rc2 60.Ne4 Rc1 61.Nc3 h4 62.Kxc4 h3
63.Rh2 Rf1 64.Ne2 Nxe2 65.Rxe2 Rxf3 66.Kd4 Kf7 67.Ke4 Rg3 68.Rh2 Kf6 69.Kf4 Ra3  1/2-1/2

[Event "11th EICC Men"]
[Site "Rijeka CRO"]
[Date "2010.03.08"]
[Round "3"]
[White "Kreisl,R"]
[Black "Solak,D"]
[Result "0-1"]
[WhiteElo "2389"]
[BlackElo "2553"]

1.e4 d6 2.d4 Nf6 3.Nc3 e5 4.Nf3 Nbd7 5.Bc4 Be7 6.O-O O-O 7.Re1 a6 8.a4 b6
9.b3 Bb7 10.Bb2 c6 11.Bd3 Re8 12.Ne2 Bf8 13.Ng3 b5 14.c3 Qc7 15.Qc2 g6 16.h3 Bg7
17.c4 b4 18.c5 exd4 19.cxd6 Qxd6 20.Nxd4 Ne5 21.Bf1 c5 22.Ndf5 gxf5 23.Nxf5 Qf8
24.Re3 Ng6 25.Nxg7 Qxg7 26.Rae1 Re6 27.Bc4 Rd6 28.Rg3 Re8 29.f4 Rxe4 30.Rxe4 Bxe4
31.Qf2 Bf5 32.Qxc5 Rd1+ 33.Kh2 Ne4 34.Qxf5 Rh1+ 35.Kxh1 Nxg3+ 36.Kh2 Nxf5
37.Bxg7 Kxg7 38.Bxa6 Nxf4 39.Bb7 Nd6 40.Bc6 Ne6  0-1

[Event "FSIM March"]
[Site "Budapest HUN"]
[Date "2010.03.09"]
[Round "4"]
[White "Kojima,S"]
[Black "Berczes,C"]
[Result "0-1"]
[WhiteElo "2312"]
[BlackElo "2376"]

1.e4 d6 2.d4 Nf6 3.Nc3 e5 4.Nf3 Nbd7 5.Bc4 Be7 6.O-O O-O 7.Re1 c6 8.a4 b6
9.b3 Bb7 10.Bb2 Rc8 11.Qe2 Qc7 12.Rad1 h6 13.Nh4 exd4 14.Nf5 Rfe8 15.Rxd4 d5
16.exd5 Bc5 17.Re4 cxd5 18.Bxd5 Bxd5 19.Nxd5 Rxe4 20.Qxe4 Bxf2+ 21.Kf1 Qxh2
22.Bxf6 Qg1+ 23.Ke2 Qxe1+ 24.Kf3 Qxe4+ 25.Kxe4 Nxf6+ 26.Nxf6+ Kh8 27.Nd6 Rc7  0-1

[Event "Parachute Advansed Int"]
[Site "Dhaka BAN"]
[Date "2010.03.09"]
[Round "2"]
[White "Long,P"]
[Black "Dave,D"]
[Result "1-0"]
[WhiteElo "2331"]
[BlackElo "2140"]

1.e4 d6 2.d4 Nf6 3.Nc3 c6 4.h3 Qc7 5.Be3 e5 6.a4 b6 7.g4 Be7 8.Nge2 g6 9.Ng3 h5
10.g5 Nh7 11.h4 Nf8 12.d5 Bb7 13.dxc6 Bxc6 14.Bb5 Ne6 15.Nd5 Qb7 16.O-O Nd7
17.Bc4 Ndc5 18.b4 Nxa4 19.b5 Nb2 20.bxc6 Qxc6 21.Nxe7 Kxe7 22.Bd5 Qc3 23.Qf3  1-0

[Event "11th EICC Men"]
[Site "Rijeka CRO"]
[Date "2010.03.09"]
[Round "4"]
[White "Pancevski,F"]
[Black "Krauss,Jo"]
[Result "1/2-1/2"]
[WhiteElo "2423"]
[BlackElo "2100"]

1.e4 d6 2.Nc3 Nf6 3.d4 Nbd7 4.g3 e5 5.Be3 c6 6.Bg2 Be7 7.h3 b5 8.a3 Bb7 9.Nge2 O-O
10.O-O a5 11.d5 Nb6 12.b3 cxd5 13.Nxd5 Nfxd5 14.exd5 f5 15.Qd3 Ba6 16.Qd2 Nd7
17.Rfe1 Bf6 18.Rad1 Rc8 19.f4 b4 20.axb4 axb4 21.fxe5 Bxe2 22.exf6 Bxd1 23.fxg7 Re8
24.Rxd1 Rc3 25.Bf2 Ne5 26.Qf4 Qf6 27.Rd2 Rec8 28.Qxb4 Rxc2 29.Rxc2 Rxc2 30.Qd4 Kxg7
31.b4 Rc1+ 32.Kh2 Rc4 33.Qa7+ Qf7 34.Qa6 Qc7 35.b5 Rc2 36.Kg1 Rc1+ 37.Kh2 Rc2
38.Kh1 Rc1+  1/2-1/2

[Event "11th EICC Women"]
[Site "Rijeka CRO"]
[Date "2010.03.09"]
[Round "4"]
[White "Yildiz,B"]
[Black "Borsuk,A"]
[Result "1-0"]
[WhiteElo "2244"]
[BlackElo "2338"]

1.e4 d6 2.d4 Nf6 3.Nc3 e5 4.Nf3 Nbd7 5.g3 c6 6.a4 Be7 7.Bg2 O-O 8.O-O Qc7
9.b3 Rd8 10.Ba3 Rb8 11.dxe5 Nxe5 12.Nd4 a6 13.f4 Neg4 14.Qd2 h5 15.h3 Nh6
16.Qf2 c5 17.Nf3 b5 18.axb5 axb5 19.Bb2 b4 20.Nd5 Nxd5 21.exd5 Bb7 22.Ng5 Re8
23.Bf3 c4 24.bxc4 Qxc4 25.Rfe1 Qxc2 26.Qe2 Qc5+ 27.Kh2 Bf8 28.Qd3 g6 29.Ne4 Rxe4
30.Bxe4 Bg7 31.Rac1 Qb6 32.Qb3 Re8 33.Rc2 Bxb2 34.Rxb2 Ba6 35.Bd3 Rb8 36.Bxa6 Qxa6
37.Re4 Nf5 38.Rxb4 Rxb4 39.Qxb4 h4 40.g4 Ng3 41.Qd4 Kh7 42.Qf6 Nf1+ 43.Kg1  1-0

[Event "11th EICC Women"]
[Site "Rijeka CRO"]
[Date "2010.03.09"]
[Round "4"]
[White "Zakurdjaeva,I"]
[Black "Kovalevskaya,E"]
[Result "0-1"]
[WhiteElo "2313"]
[BlackElo "2438"]

1.e4 d6 2.d4 Nf6 3.Nc3 e5 4.Nf3 Nbd7 5.Bc4 Be7 6.O-O O-O 7.Re1 c6 8.a4 b6
9.h3 a6 10.b3 Rb8 11.Bb2 b5 12.axb5 axb5 13.Bf1 Qc7 14.dxe5 dxe5 15.Nh2 Nc5
16.Ng4 Nxg4 17.hxg4 Ne6 18.Qd3 Nd4 19.Ne2 c5 20.Nxd4 cxd4 21.c3 dxc3 22.Bxc3 Be6
23.Qg3 f6 24.g5 b4 25.Bb2 Qc2 26.Ra7 Rbe8 27.Ba1 fxg5 28.Bxe5 Rf7 29.Re3 g4
30.Rc7 Qb1 31.f4 gxf3 32.Rxf3 g6 33.Rxf7 Bxf7 34.Qd3 Qxd3 35.Bxd3 Bd8 36.Rxf7 Kxf7
37.Bb2 Bb6+ 38.Kf1 Ke7 39.Bc4 Rf8+ 40.Ke1 Rf2  0-1

[Event "11th EICC Women"]
[Site "Rijeka CRO"]
[Date "2010.03.09"]
[Round "4"]
[White "Paulet,I"]
[Black "Ivakhinova,I"]
[Result "0-1"]
[WhiteElo "2303"]
[BlackElo "2218"]

1.e4 d6 2.d4 Nf6 3.Nc3 e5 4.dxe5 dxe5 5.Qxd8+ Kxd8 6.Bc4 Ke8 7.Nf3 Bd6 8.h3 h6
9.Be3 Nbd7 10.O-O-O Ke7 11.g4 a6 12.Rdg1 b5 13.Bd5 Nxd5 14.Nxd5+ Ke8 15.g5 hxg5
16.Rxg5 Kf8 17.h4 Bb7 18.h5 Nf6 19.Nxf6 gxf6 20.Rg3 Bxe4 21.Rh4 f5 22.Bg5 f4
23.Rgh3 Kg7 24.Rg4 Bf5 25.Nh2 Bxg4 26.Nxg4 f5 27.Nh2 Kf7 28.h6 Rag8 29.Bh4 Rxh6
30.Nf3 Rgh8 31.Rh1 e4 32.Ng5+ Ke8  0-1

[Event "ITT Benko Club Argentino"]
[Site "Buenos Aires ARG"]
[Date "2010.03.10"]
[Round "3"]
[White "Bueno,Alfe"]
[Black "Perelman,H"]
[Result "0-1"]
[WhiteElo "2349"]
[BlackElo "2312"]

1.e4 d6 2.d4 Nf6 3.Nc3 e5 4.Nf3 Nbd7 5.Bc4 Be7 6.a4 c6 7.O-O O-O 8.Re1 h6
9.h3 Re8 10.Qd3 exd4 11.Qxd4 Ne5 12.Nxe5 dxe5 13.Qe3 Bb4 14.Qg3 Kf8 15.Rd1 Qe7
16.Qf3 Be6 17.Bxe6 Qxe6 18.Ne2 Bc5 19.Ng3 Rad8 20.Bd2 Rd7 21.b4 Red8 22.Bxh6 Bxb4
23.Bg5 Rxd1+ 24.Rxd1 Rxd1+ 25.Qxd1 Nd7 26.Nf5 g6 27.Ne3 Be7 28.Bh6+ Ke8 29.Qd2 b6
30.Qd3 Nc5 31.Qe2 Nxe4 32.Nc4 Nc3 33.Qd3 Nxa4 34.Bg7 Nc5 35.Qe2 f6 36.Bh6 Qd5
37.Qg4 Kf7 38.Ne3 Qe4 39.Qd1 a5 40.Qb1 Qb4 41.Qa2+ Ne6 42.Ng4 Qe1+ 43.Kh2 f5
44.Bd2 Qxd2 45.Nxe5+ Kf6 46.Nd3 Bd6+ 47.g3 Qc3 48.Qb1 b5 49.Qc1 Kg7 50.Qe3 Nc5
51.Qe8 Qd4 52.Nf4 Bxf4 53.Qe7+ Kg8 54.Qe8+ Kh7 55.gxf4 Qxf4+ 56.Kg1 Qg5+
57.Kf1 Qf6 58.h4 Ne6 59.Qxc6 b4 60.Qd5 Qa1+  0-1

[Event "11th EICC Men"]
[Site "Rijeka CRO"]
[Date "2010.03.10"]
[Round "5"]
[White "Macieja,B"]
[Black "Berczes,D"]
[Result "1-0"]
[WhiteElo "2625"]
[BlackElo "2510"]

1.e4 d6 2.d4 Nf6 3.Nc3 e5 4.Nf3 Nbd7 5.Bc4 Be7 6.O-O O-O 7.a4 c6 8.Re1 a5
9.h3 exd4 10.Nxd4 Nc5 11.Bf4 Qb6 12.b3 Be6 13.Nxe6 Nxe6 14.Bxd6 Rad8 15.e5 Bxd6
16.exd6 Nd4 17.Ne4 Nxe4 18.Rxe4 Nf5 19.d7 Qc7 20.Qh5 Qxd7 21.Bd3 g6 22.Rg4 Kh8
23.Qg5 f6 24.Qd2 b6 25.Re1 Qd6 26.Rge4 Qd7 27.Re6 Qc7 28.R6e4 c5 29.Qc1 Qd6
30.Re6 Qd5 31.Rxb6 Nd4 32.Qh6 Qg5 33.Qxg5 fxg5 34.Re5 Rde8 35.Rxc5 Re1+ 36.Kh2 Ne6
37.Rxa5 Rxf2 38.Ra7 g4 39.hxg4 Rf8 40.Re7  1-0

[Event "11th EICC Men"]
[Site "Rijeka CRO"]
[Date "2010.03.10"]
[Round "5"]
[White "Maslak,K"]
[Black "Golubovic,B"]
[Result "1/2-1/2"]
[WhiteElo "2560"]
[BlackElo "2392"]

1.e4 d6 2.d4 Nf6 3.Nc3 e5 4.Nf3 Nbd7 5.Bc4 Be7 6.O-O O-O 7.a4 a5 8.Qe2 exd4
9.Nxd4 Nb6 10.Bb3 Nfd7 11.Be3 Nc5 12.Rad1 Nxb3 13.Nxb3 c6 14.Nd4 Re8 15.Qf3 Nc4
16.b3 Nxe3 17.Qxe3 Bf8 18.Qf4 h6  1/2-1/2

[Event "11th EICC Men"]
[Site "Rijeka CRO"]
[Date "2010.03.10"]
[Round "5"]
[White "Iakemov,V"]
[Black "Gagunashvili,M"]
[Result "1/2-1/2"]
[WhiteElo "2463"]
[BlackElo "2582"]

1.e4 d6 2.d4 Nf6 3.Nc3 e5 4.Nf3 Nbd7 5.Bc4 Be7 6.O-O O-O 7.a4 c6 8.a5 Rb8
9.Qe2 Qc7 10.d5 cxd5 11.Bxd5 a6 12.Be3 Nc5 13.Qc4 Bd7 14.b4 Bb5 15.Nxb5 axb5
16.Qxb5 Ncxe4 17.Bb6 Qc8 18.Bxe4 Nxe4 19.Qe2 Nc3 20.Qd2 Qc4 21.Rfe1 Qxb4
22.Rab1 Qc4 23.Rb3 Rbc8 24.Bd4 Nd5 25.Bxe5 dxe5 26.Nxe5 Qxc2 27.Qxd5 Bc5
28.Qd3 Qxd3 29.Nxd3 Rc7 30.Reb1 Rd8 31.g3 Kf8 32.h4 g6 33.Nf4 Rdd7 34.Rb5  1/2-1/2

[Event "11th EICC Women"]
[Site "Rijeka CRO"]
[Date "2010.03.10"]
[Round "5"]
[White "Fuchs,Ju"]
[Black "Kochetkova,J"]
[Result "1/2-1/2"]
[WhiteElo "2222"]
[BlackElo "2313"]

1.e4 d6 2.d4 Nf6 3.Nc3 e5 4.Nf3 Nbd7 5.Bc4 Be7 6.O-O O-O 7.Re1 a6 8.a4 b6
9.b3 Bb7 10.Bb2 c6 11.Bd3 Re8 12.Ne2 Bf8 13.Ng3 g6 14.c3 b5 15.Qc2 Rc8 16.dxe5 dxe5
17.c4 Qb6 18.Qe2 b4 19.a5 Qc7 20.c5 Nxc5 21.Bc4 h6 22.Nh4 Ne6 23.Nf3 Nd7
24.h4 h5 25.Ng5 Nxg5 26.hxg5 Nc5 27.f4 exf4 28.Nxh5 Nxe4 29.Qd3 Bc5+ 30.Kf1 Qd8
31.Nf6+ Qxf6 32.Rxe4 Qf5 33.Rxe8+ Rxe8 34.Qxf5 gxf5 35.g6 Rd8 36.Bxf7+ Kf8
37.Bc4 Bd4 38.Rd1 c5 39.Bc1 Kg7 40.Bxf4 Kxg6 41.Re1 Be4 42.g4 Rh8 43.gxf5+ Kxf5
44.Be3 Rh1+ 45.Kf2 Rh2+ 46.Kg1 Rh1+ 47.Kf2 Rxe1 48.Bxd4 Rc1 49.Bxc5 Bd5 50.Bd3+ Ke5
51.Bxb4 Bxb3 52.Bxa6 Bd5 53.Ke3 Bc6 54.Bd3 Rh1 55.Bc3+ Kd6 56.Bb4+ Kc7 57.Kd4 Rh5
58.Bc5 Rh4+ 59.Kc3 Rh3 60.Kd4  1/2-1/2

[Event "26th ChessOrg Schachfestival"]
[Site "Bad Woerishofen GER"]
[Date "2010.03.11"]
[Round "6"]
[White "Karpatchev,A"]
[Black "Malaniuk,V"]
[Result "0-1"]
[WhiteElo "2483"]
[BlackElo "2582"]

1.e4 d6 2.d4 Nf6 3.Nc3 e5 4.Nf3 Nbd7 5.Bc4 Be7 6.O-O O-O 7.Re1 a6 8.a4 b6
9.b3 Bb7 10.Bb2 c6 11.Bd3 Re8 12.Ne2 Bf8 13.Ng3 b5 14.Qd2 g6 15.c4 bxa4 16.Rxa4 exd4
17.Nxd4 d5 18.Nf3 Nc5 19.Bxf6 Qxf6 20.e5 Qg7 21.Ra2 f6 22.exf6 Qxf6 23.Rxe8 Rxe8
24.Qc2 Kh8 25.Bf1 Ne4 26.cxd5 cxd5 27.Qc7 Re7 28.Qb8 Kg7 29.Rc2 Rf7 30.Qe5 Bd6
31.Qxf6+ Rxf6 32.Bd3 Nc5 33.Rc3 Ne6 34.Bf1 Bc5 35.Rc2 Bb6 36.h3 Nc5 37.b4 Ne4
38.Nxe4 dxe4 39.Nh2 h5 40.Re2 Rd6  0-1

[Event "FSIM March"]
[Site "Budapest HUN"]
[Date "2010.03.11"]
[Round "6"]
[White "Turzo,A"]
[Black "Berczes,C"]
[Result "1/2-1/2"]
[WhiteElo "2290"]
[BlackElo "2376"]

1.e4 d6 2.d4 Nf6 3.Nc3 e5 4.Nf3 Nbd7 5.Bc4 Be7 6.O-O O-O 7.Re1 c6 8.a4 b6
9.d5 cxd5 10.Bxd5 Nxd5 11.Qxd5 Rb8 12.Be3 Nf6 13.Qd3 h6 14.a5 bxa5 15.b3 a6
16.Ra2 Bb7 17.Rea1 Qc7 18.Nd2 Rbc8 19.Ndb1 d5 20.Nxd5 Nxd5 21.exd5 a4 22.Nd2 Qc3
23.Rxa4 Qxc2 24.Qxc2 Rxc2 25.Rc4 Rc8 26.Rxc8+ Rxc8 27.Nc4 Bxd5 28.Rxa6 Bxc4
29.bxc4 Rxc4 30.Ra7 Bf8 31.g3 g5 32.Ra5 Bg7 33.Kg2 f5 34.Rc5 Ra4 35.Bd2 Kf7
36.Bc3 Ke6 37.Rc6+ Kd5 38.Rc7 Rc4 39.Rd7+ Ke4 40.Rxg7 Rxc3 41.Rg6 g4 42.Rxh6 f4
43.gxf4 exf4 44.Re6+ Kf5 45.Re8 Rh3 46.Rf8+ Ke5 47.Re8+ Kd5 48.Rg8 f3+ 49.Kg1 Rh4
50.Rd8+ Ke6 51.Rg8 Kf7 52.Rg5 Kf6 53.Rg8 Ke6 54.Rg7 Kf5 55.Rg8 Rh6 56.Rf8+ Kg5
57.Rg8+ Kh4 58.Ra8 Rh7 59.Rb8 Rc7 60.Rh8+ Kg5 61.h3 gxh3 62.Rxh3 Kg4 63.Rg3+ Kf4
64.Rg8 Rc1+ 65.Kh2 Rf1 66.Rf8+ Kg4 67.Rg8+ Kf4 68.Rf8+ Kg4  1/2-1/2

[Event "ITT Benko Club Argentino"]
[Site "Buenos Aires ARG"]
[Date "2010.03.11"]
[Round "5"]
[White "Filion,C"]
[Black "Perelman,H"]
[Result "0-1"]
[WhiteElo "2217"]
[BlackElo "2312"]

1.e4 d6 2.d4 Nf6 3.Nc3 e5 4.Nf3 Nbd7 5.g4 h6 6.g5 hxg5 7.Bxg5 c6 8.Qd2 Be7
9.O-O-O Qc7 10.Nh4 Nf8 11.d5 N8h7 12.Nf5 Nxg5 13.Qxg5 Nh5 14.Nxe7 Qxe7 15.h4 g6
16.Qd2 c5 17.Nb5 a6 18.Qa5 Rb8 19.Nc3 b6 20.Qa3 Kf8 21.Ne2 Qf6 22.Qe3 Bg4
23.Rd3 Bxe2 24.Bxe2 Nf4 25.Rb3 Rxh4 26.Rxh4 Qxh4 27.Bxa6 Kg7 28.a4 Qh1+ 29.Kd2 Qa1
30.Bb5 Qg1 31.Qe1 Qh2 32.Kc1 Rh8 33.Kb1 Qg2 34.Ka2 Rh1 35.Qe3 Qg1 36.Ra3 Qb1+
37.Kb3 Rh3 38.f3 Qd1 39.Ka2 Qxc2 40.Bd7 Rh1 41.Rc3 Qb1+ 42.Kb3 Re1 43.Qd2 Ne2
44.Re3 Nd4+ 45.Kc4 Rxe3 46.Qxe3 Qxb2 47.Be8 Qb4+ 48.Kd3  0-1

[Event "11th EICC Women"]
[Site "Rijeka CRO"]
[Date "2010.03.11"]
[Round "6"]
[White "Umudova,N"]
[Black "Borsuk,A"]
[Result "1-0"]
[WhiteElo "2211"]
[BlackElo "2338"]

1.e4 d6 2.d4 Nf6 3.Nc3 e5 4.Nf3 Nbd7 5.Bc4 Be7 6.O-O O-O 7.Re1 c6 8.a4 b6
9.b3 a6 10.Ba3 Bb7 11.dxe5 dxe5 12.Bd6 b5 13.Bf1 Re8 14.axb5 axb5 15.Rxa8 Bxa8
16.g3 b4 17.Na4 c5 18.Bb5 Bxd6 19.Qxd6 Re6 20.Qd1 Qc7 21.Bc4 Rd6 22.Qa1 Nxe4
23.Nxe5 Ng5 24.Be2 Rd4 25.Nxc5 Nh3+ 26.Kf1 Qxc5 27.Qxa8+ Nf8 28.Qg2 Qxe5
29.Qxh3 Re4 30.Qc8 g6 31.Qd8 Kg7 32.Qd2 Qf6 33.Bc4 Rd4 34.Qe3  1-0

[Event "11th EICC Women"]
[Site "Rijeka CRO"]
[Date "2010.03.11"]
[Round "6"]
[White "Makropoulou,M"]
[Black "Kochetkova,J"]
[Result "1/2-1/2"]
[WhiteElo "2225"]
[BlackElo "2313"]

1.e4 d6 2.d4 Nf6 3.Nc3 e5 4.Nf3 Nbd7 5.Bc4 Be7 6.O-O O-O 7.Re1 a6 8.a4 b6
9.Nd5 Bb7 10.Nxe7+ Qxe7 11.d5 Nc5 12.Bg5 h6 13.Bh4 c6 14.b4 Nxa4 15.Bxf6 Qxf6
16.Rxa4 b5 17.Bxb5 axb5 18.Rxa8 Rxa8 19.dxc6 Bxc6 20.Qd3 Rd8 21.c4 bxc4 22.Qxc4 d5
23.Qc5 dxe4 24.Nxe5 Bb7 25.Ng4 Qb2 26.Qb6 Rd7 27.Ne3 Qd4 28.Qxd4  1/2-1/2

[Event "11th EICC Men"]
[Site "Rijeka CRO"]
[Date "2010.03.11"]
[Round "6"]
[White "Carlsson,P"]
[Black "Kozlitin,R"]
[Result "0-1"]
[WhiteElo "2478"]
[BlackElo "2344"]

1.e4 d6 2.d4 Nf6 3.Nc3 Nbd7 4.g4 h6 5.h3 c6 6.Bg2 e5 7.Nge2 b5 8.a3 Bb7 9.Be3 Qc7
10.Qd2 Nb6 11.b3 Be7 12.f4 exd4 13.Nxd4 O-O-O 14.Ncxb5 cxb5 15.Nxb5 Qb8 16.Qa5 a6
17.Bxb6 axb5 18.Qxb5 Qa8 19.O-O Nxe4 20.Rfe1 d5 21.Bxe4 dxe4 22.Qc4+ Bc6
23.Rxe4 Rd7 24.Rae1 Qb7 25.Bf2 Bd8 26.Qc3 Bf6 27.Qc4 Rc7 28.R4e3 Rd8 29.Qb4 Qxb4
30.axb4 Bd4 31.Re7  0-1